| 000 | 00685nam a2200205 a 4500 | ||
|---|---|---|---|
| 999 |
_c4008 _d4008 |
||
| 001 | 4008 | ||
| 003 | BD-JhCC | ||
| 005 | 20180305122004.0 | ||
| 008 | 171120s1972 bg |||| |||| 000 0 ben d | ||
| 035 | _a(BD-JhCC) | ||
| 040 |
_aBD-JhCC _dBD-JhCC |
||
| 041 | _aben | ||
| 082 |
_a780.3 _bSAN 1972 |
||
| 245 |
_aসঙ্গীত ও নৃত্যকলা পরিভাষা-কোষ / _cকরুণাময় গোস্বামী |
||
| 260 |
_aঢাকা: _bবাংলা একাডেমী, _c১৯৭২ |
||
| 300 |
_a27 p.; _c22 cm |
||
| 650 | _aTerminology of music and dance | ||
| 700 | _aগোস্বামী, করুণাময় | ||
| 942 |
_2ddc _cREF |
||